महाभारत में सांख्य दर्शन / (Record no. 14339)
[ view plain ]
| 000 -LEADER | |
|---|---|
| fixed length control field | 01197nam a22002417a 4500 |
| 005 - DATE AND TIME OF LATEST TRANSACTION | |
| control field | 20080709125522.0 |
| 008 - FIXED-LENGTH DATA ELEMENTS--GENERAL INFORMATION | |
| fixed length control field | 080709t xxu||||| |||| 00| 0 hin d |
| 010 ## - LIBRARY OF CONGRESS CONTROL NUMBER | |
| LC control number | HIN-83364 |
| 020 ## - INTERNATIONAL STANDARD BOOK NUMBER | |
| International Standard Book Number | 9788188134861 |
| Terms of availability | 400.00 |
| 035 ## - SYSTEM CONTROL NUMBER | |
| System control number | HN-55710 |
| 037 ## - SOURCE OF ACQUISITION | |
| Source of stock number/acquisition | DBAD / PUB |
| 040 ## - CATALOGING SOURCE | |
| Original cataloging agency | DPL |
| Language of cataloging | HN |
| 082 ## - DEWEY DECIMAL CLASSIFICATION NUMBER | |
| Classification number | 181.45 |
| 100 ## - MAIN ENTRY--PERSONAL NAME | |
| Personal name | मोदी, मीरा |
| 245 ## - TITLE STATEMENT | |
| Title | महाभारत में सांख्य दर्शन / |
| Statement of responsibility, etc | मीरा मोदी |
| 246 ## - VARYING FORM OF TITLE | |
| Title proper/short title | Mahabharat mein sankhya darshsan |
| Remainder of title | by Meera Modi |
| 260 ## - PUBLICATION, DISTRIBUTION, ETC. (IMPRINT) | |
| Place of publication, distribution, etc | नई दिल्ली |
| Name of publisher, distributor, etc | सत्यम पब्लिशिंग हाउस |
| Date of publication, distribution, etc | 2007 |
| 270 ## - ADDRESS | |
| Address | एन-3/25 मोहनगार्डन, उत्तम नगर |
| City | नई दिल्ली |
| Postal code | 110059 |
| Telephone number | 011- 25358642 |
| Electronic mail address | satyampub 2006@yahoo.com |
| 300 ## - PHYSICAL DESCRIPTION | |
| Extent | 188पृ |
| Dimensions | 22सेमी(सजिल्द) |
| 650 ## - SUBJECT ADDED ENTRY--TOPICAL TERM | |
| Topical term or geographic name as entry element | Religion-Hindu |
| 942 ## - ADDED ENTRY ELEMENTS (KOHA) | |
| Source of classification or shelving scheme | Dewey Decimal Classification |
| Koha item type | Hindi Books |
| Classification part | 181.45 |
| Call number suffix | मोदीमी |
| Withdrawn status | Lost status | Damaged status | Not for loan | Collection code | Home library | Current library | Date acquired | Source of acquisition | Cost, normal purchase price | Total Checkouts | Full call number | Barcode | Date last seen | Copy number | Cost, replacement price | Price effective from | Koha item type |
|---|---|---|---|---|---|---|---|---|---|---|---|---|---|---|---|---|---|
| Not For Loan | Non-fiction | D.B.Act.Division | D.B.Act.Division | 09/07/2008 | पु.प्र.अ.प्र /प्रका | 400.00 | 181.45 मोदीमी | HN-55710 | 15/09/2008 | 1 | 400.00 | 15/09/2008 | Hindi Books |
